00515nam a2200169 a 45000010005000000030009000050080041000140400028000550820015000831000022000982450129001202500008002492600038002573000010002956500015003056500025003207007CO-ViMGA141112s2004 ck r 000 u spa d aCO-ViMGAbspacCO-ViMGA04a638.1 P6961 aPozo, Eduardo del10aApicultura lucrativa : bmetodos prácticos para instalar y atender colmenares / cPozo Eduardo del , Schopflocher Roberto  a10a aBuenos Aires : bAlbatros, c1992 a184 p14aAPICULTURA14aSchoflocher, Roberto